| 000 | 00981cam a22003014a 4500 | ||
|---|---|---|---|
| 999 |
_c331218 _d331218 |
||
| 001 | 13705544 | ||
| 003 | NUST | ||
| 005 | 20170922103959.0 | ||
| 008 | 030731r20031919pk 000 0 eng | ||
| 010 | _a 2003341450 | ||
| 020 | _a9695290094 | ||
| 025 | _aP-E-2003341450; 07 | ||
| 035 | _a(DLC) 2003341450 | ||
| 040 |
_aDLC _cDLC |
||
| 042 | _alcode | ||
| 050 | 0 | 0 |
_aDS392.T48 _bG39 2003 |
| 082 |
_a954.918 _bGAZ |
||
| 245 | 0 | 0 |
_aGazetteer of the province of Sindh, Thar and Parkar district / _ccompiled by, J. W. Smyth. |
| 260 |
_aKarachi : _bIndus Publications, _c2003. |
||
| 300 |
_aii, 96 p. ; _c23 cm. |
||
| 300 |
_aii, 96 p. ; _c23 cm. |
||
| 500 | _aFirst published: 1919. | ||
| 651 | 0 |
_aThar Pārkar District (Pakistan) _94810 |
|
| 700 | 1 |
_aSmyth, J. W. _91303 |
|
| 700 | 1 |
_aSmyth, J. W. _91303 |
|
| 906 |
_a7 _bcbc _corigode _d3 _encip _f20 _gy-gencatlg |
||
| 942 |
_2ddc _cBK |
||